000 00202 a2200097 4500
001 55141
100 _a
245 _aMaha Oakha Mofti
260 _aLahore
_bFeroz Sons Ltd
_c2003
090 _c34162
_d34162
942 _aNUST-CAE
_c
_c26850
999 _c290214
_d290214